Statistiche per Serie TV "Mare fuori" - personaggi principali

Clicka qui per fare il quiz!

Statistiche generali

  • Questo quiz è stato fatto 7 volte
  • Il punteggio medio è 23 su 36

Statistiche sulle risposte

StagioniRuoloPersonaggio% Corretto
1 - 4adolescenteCarmine Di Salvo
100%
1adolescenteCiro Ricci
100%
1 - in corsoPersonale IPMComandante Massimo Esposito
100%
1 - 4adolescenteEdoardo Conte
100%
1 - in corsoadolescenteGiuseppe Pagano "Pino"
100%
3 - in corsoadolescenteRosa Ricci
100%
1 - 2adolescenteAntonio Ascione "Totò"
86%
1 - 3adolescenteFilippo Ferrari
86%
1 - in corsoadolescenteGianni Russo "Cardiotrap"
86%
2 - 4adolescenteKubra Hailo
86%
1 - in corsoesterno/aCarmela Valestra
71%
1 - 3adolescenteNaditza
71%
1 - in corsoadolescenteSilvia Scacco
71%
1 - in corsoesterno/aTeresa Polidori
71%
3 - in corsoadolescenteDiego "Dobermann"
57%
3 - in corsoadolescenteDomenico Varriale "Mimmo"
57%
1 - in corsoesterno/aDonna Wanda Di Salvo
57%
1 - 4esterno/aDon Salvatore Ricci
57%
1 - 3adolescenteGaetano Sannino "Pirucchio"
57%
1 - 3adolescenteGemma Doria
57%
1 - in corsoPersonale IPMGennaro Fusco
57%
1 - in corsoPersonale IPMGiuseppe Romano "Beppe"
57%
1 - in corsoadolescenteMilos
57%
1 - 3Personale IPMPaola Vinci
57%
3 - in corsoadolescenteRaffaele Di Meo "Micciarella"
57%
1 - 3adolescenteViola Torri
57%
4 - in corsoadolescenteAlina Donetski
43%
2 - 4esterno/aAvvocato Alfredo D'Angelo
43%
1 - 3Personale IPMElisabetta Centola "Liz"
43%
3 - 4adolescenteGiulia Bertolacci
43%
1 - in corsoPersonale IPMLino Grimaldi
43%
3 - in corsoadolescenteLuigi Di Meo "Cucciolo"
43%
1 - 2esterno/aNina Palumbo
43%
2adolescenteSalvatore Baldi "Sasà"
43%
4 - in corsoadolescenteAngelo (Gennaro)
29%
3 - in corsoPersonale IPMSofia Durante
29%

Distribuzione punteggi

Percentile per numero di risposta

Percentuale di utenti per punteggio

I tuoi punteggi nel tempo

Non hai fatto questo quiz